Digital telephony (Record no. 3592)

000 -LEADER
fixed length control field 00571nam a2200217 a 4500
001 - CONTROL NUMBER
control field 3592
003 - CONTROL NUMBER IDENTIFIER
control field BD-DhUET
008 - FIXED-LENGTH DATA ELEMENTS--GENERAL INFORMATION
fixed length control field 900501s1991 nyua b 001 0 eng
020 ## - INTERNATIONAL STANDARD BOOK NUMBER
International Standard Book Number 0471620564
040 ## - CATALOGING SOURCE
Original cataloging agency DLC
Transcribing agency DLC
Modifying agency BD-DhUET
082 ## - DEWEY DECIMAL CLASSIFICATION NUMBER
Classification number 623.85
Item number BEL/1991
100 ## - MAIN ENTRY--PERSONAL NAME
Personal name Bellamy, John
245 10 - TITLE STATEMENT
Title Digital telephony
250 ## - EDITION STATEMENT
Edition statement 2nd ed.
260 ## - PUBLICATION, DISTRIBUTION, ETC. (IMPRINT)
Place of publication, distribution, etc. New York
Name of publisher, distributor, etc. John wiley & sons
Date of publication, distribution, etc. 1991
300 ## - PHYSICAL DESCRIPTION
Extent xix, 572 p.
Other physical details ill.
Dimensions 25 cm.
490 ## - SERIES STATEMENT
Series statement Wiley Series in telecommunications
504 ## - BIBLIOGRAPHY, ETC. NOTE
Bibliography, etc Includes bibliographies
650 #0 - SUBJECT ADDED ENTRY--TOPICAL TERM
Topical term or geographic name as entry element Digital telephony
942 ## - ADDED ENTRY ELEMENTS (KOHA)
Koha item type General Book
Holdings
Koha normalized classification for sorting Lost status Sublocation or collection (holding branch) Withdrawn status Location (home branch) Koha item type Koha issues (times borrowed) Source of classification or shelving scheme Damaged status Shelving location Koha date last seen Copy number Piece designation (barcode) Not for loan Koha full call number Price effective from Date acquired Koha date last borrowed
623_000000000000000_85BEL1991 Central Library, BUET Central Library, BUETGeneral Book2  Circulation section2016-02-06183618 623.85/BEL/19912014-11-022014-11-022015-10-10
623_000000000000000_85BEL1991 Central Library, BUET Central Library, BUETGeneral Book   Circulation section2017-08-26283620 623.85/BEL/19912014-11-022014-11-02 
623_000000000000000_85BEL1991 Central Library, BUET Central Library, BUETGeneral Book   Circulation section2017-08-16383623 623.85/BEL/19912014-11-022014-11-02 
623_850000000000000_BEL_1991 Central Library, BUET Central Library, BUETGeneral Book2  Circulation section2024-02-20486339 623.85/BEL/19912014-11-022014-11-022023-03-07
623_850000000000000_BEL_1991 Central Library, BUET Central Library, BUETReading Item   Reading section2015-07-01587594 623.85/BEL/19912015-07-012015-07-01 
623_850000000000000_BEL_1991 Central Library, BUET Central Library, BUETRental Item   Rental section2024-12-09ক-১83563 623.85 BEL/19912024-12-091992-06-06 
623_850000000000000_BEL_1991 Central Library, BUET Central Library, BUETRental Item   Rental section2024-12-09ক-২83564 623.85 BEL/19912024-12-091992-06-06 
623_850000000000000_BEL_1991 Central Library, BUET Central Library, BUETRental Item   Rental section2024-12-09ক-৩83565 623.85 BEL/19912024-12-091992-06-06 
623_850000000000000_BEL_1991 Central Library, BUET Central Library, BUETRental Item   Rental section2024-12-09ক-৪83566 623.85 BEL/19912024-12-091992-06-06 
623_850000000000000_BEL_1991 Central Library, BUET Central Library, BUETRental Item   Rental section2024-12-09ক-৫83567 623.85 BEL/19912024-12-091992-06-06 
623_850000000000000_BEL_1991 Central Library, BUET Central Library, BUETRental Item   Rental section2024-12-09ক-৬83568 623.85 BEL/19912024-12-091992-06-06 
623_850000000000000_BEL_1991 Central Library, BUET Central Library, BUETRental Item   Rental section2024-12-09ক-৭83569 623.85 BEL/19912024-12-091992-06-06 
623_850000000000000_BEL_1991 Central Library, BUET Central Library, BUETRental Item   Rental section2024-12-09ক-৮83570 623.85 BEL/19912024-12-091992-06-06 
623_850000000000000_BEL_1991 Central Library, BUET Central Library, BUETRental Item   Rental section2024-12-09ক-৯83571 623.85 BEL/19912024-12-091992-06-06 
623_850000000000000_BEL_1991 Central Library, BUET Central Library, BUETRental Item   Rental section2024-12-09ক-১০83572 623.85 BEL/19912024-12-091992-06-06 
623_850000000000000_BEL_1991 Central Library, BUET Central Library, BUETRental Item   Rental section2024-12-09ক-১১83573 623.85 BEL/19912024-12-091992-06-06 
623_850000000000000_BEL_1991 Central Library, BUET Central Library, BUETRental Item   Rental section2024-12-09ক-১২83574 623.85 BEL/19912024-12-091992-06-06 
623_850000000000000_BEL_1991 Central Library, BUET Central Library, BUETRental Item   Rental section2024-12-09ক-১৩83575 623.85 BEL/19912024-12-091992-06-06 
623_850000000000000_BEL_1991 Central Library, BUET Central Library, BUETRental Item   Rental section2024-12-09ক-১৪83576 623.85 BEL/19912024-12-091992-06-06 
623_850000000000000_BEL_1991 Central Library, BUET Central Library, BUETRental Item   Rental section2024-12-09ক-১৫83577 623.85 BEL/19912024-12-091992-06-06